000 00580nam a2200217Ia 4500
003 GCL
008 140319s9999 xx 000 0 eng d
020 _a1588292797
040 _aGCL /
_cGCL
082 0 4 _a616.332
_bB P
100 1 _aFOOT, MICHAEL
245 1 0 _aPRINCIPLES OF MOLECULAR ONCOLOGY /
_cFOOT, MICHAEL
700 1 _aBRONCHUD, MIGUEL H.
250 _aSECOND
260 _aنيويورك :
_bHUMANA PRESS ،
_c2004
300 _a24 CM ؛
_c709 P
650 0 4 _aTUMOR MARKERS
650 0 4 _aCANCERAGENESIS
650 0 4 _aCANCER - MOLECULAR ASPECT
942 _2ddc
_cBK
999 _c7452
_d7452